Библиотека колхозника Южного Казакстана. Кн. 5: Как надо использовать богарные земли (Запись № 13575301)

Подробности
000 -МАРКЕР
контрольное поле 01060nam2a2200253 4500
001 - ИДЕНТИФИКАТОР ЗАПИСИ
контрольное поле rc\2843902
005 - ИДЕНТИФИКАТОР ВЕРСИИ
контрольное поле 20260315045932.0
035 ## - ДРУГИЕ СИСТЕМНЫЕ НОМЕРА
Идентификатор записи (NLR Aleph) 007000514
100 ## - ДАННЫЕ ОБЩЕЙ ОБРАБОТКИ
Данные общей обработки 20260315 rusy50
101 0# - ЯЗЫК РЕСУРСА
Язык текста, звукозаписи и т.д. русский
102 ## - СТРАНА ПУБЛИКАЦИИ ИЛИ ПРОИЗВОДСТВА
Страна публикации российская федерация
105 ## - ПОЛЕ КОДИРОВАННЫХ ДАННЫХ: ТЕКСТОВЫЕ МАТЕРИАЛЫ, МОНОГРАФИЧЕСКИЕ
Кодированные данные о монографическом текстовом документе y z |||||
200 1# - ЗАГЛАВИЕ И СВЕДЕНИЯ ОБ ОТВЕТСТВЕННОСТИ
Основное заглавие Как надо использовать богарные земли
210 ## - ПУБЛИКАЦИЯ, РАСПРОСТРАНЕНИЕ И ДР.
Дата издания, распространения и т.д. Б. г.
215 ## - ФИЗИЧЕСКАЯ ХАРАКТЕРИСТИКА
Специфическое обозначение материала и объем 18 с.
225 1# - СЕРИЯ
Основное заглавие серии Высотно-зональная Красно-Водопадская сельскохозяйственная станция
Обозначение тома Листовка N 1
461 #0 - УРОВЕНЬ НАБОРА
Встроенное поле 001rc\2819621
-- 2001#$aБиблиотека колхозника Южного Казакстана$eКн. 3-6$vКн. 5
Системный номер (АБИС) связанной записи 5505077
Место публикации Чимкент
Дата публикации 1930
Имя издателя, распространителя и т.д. Сыр-Дарьинск. окрземупр.
Сведения, относящиеся к заглавию Кн. 3-6
Физическая характеристика 4 т.
Заглавие Библиотека колхозника Южного Казакстана
Номер тома Кн. 5
700 #1 - ИМЯ ЛИЦА - ПЕРВИЧНАЯ ОТВЕТСТВЕННОСТЬ
Начальный элемент ввода Гольбек
Часть имени, кроме начального элемента ввода А.
801 #0 - ИСТОЧНИК ЗАПИСИ
Страна российская федерация
Организация NLR
Правила каталогизации psbo
801 #1 - ИСТОЧНИК ЗАПИСИ
Страна российская федерация
Организация ELAR
Источник данных rusmarc
852 ## - МЕСТОНАХОЖДЕНИЕ И ШИФР ХРАНЕНИЯ
Идентификатор организации NLR
Шифр хранения (Call Number) 30-19/381
942 ## - ДОПОЛНИТЕЛЬНЫЕ ЭЛЕМЕНТЫ ЗАПИСИ (АБИС)
Тип экземпляра АБИС Неопределено
980 ## - КОЛЛЕКЦИЯ
Название коллекции Национальная библиография

Нет доступных экземпляров.